| Tag |
First Indicator |
Second Indicator |
Subfields |
| LEADER |
00000cam a2200000 i 4500 |
| 001 |
in00003902021 |
| 005 |
20180214134928.0 |
| 008 |
161121t20182018nyuab b 001 0 eng |
| 010 |
|
|
|a 2016053838
|
| 020 |
|
|
|a 9780199837618
|q paperback :
|q alkaline paper
|
| 020 |
|
|
|a 0199837619
|q paperback :
|q alkaline paper
|
| 035 |
|
|
|a (OCoLC)ocn964241504
|
| 040 |
|
|
|a DLC
|e rda
|c DLC
|d UtOrBLW
|
| 043 |
|
|
|a cl-----
|
| 049 |
|
|
|a TXAM
|
| 050 |
0 |
0 |
|a F1412
|b .B97 2018
|
| 082 |
0 |
0 |
|a 980
|2 23
|
| 100 |
1 |
|
|a Burkholder, Mark A.,
|d 1943-
|e author.
|0 http://id.loc.gov/authorities/names/n80089380
|
| 245 |
1 |
0 |
|a Exploitation, inequality, and resistance :
|b a history of Latin America since Columbus /
|c Mark A. Burkholder, Monica Rankin, Lyman L. Johnson.
|
| 264 |
|
1 |
|a New York :
|b Oxford University Press,
|c [2018]
|
| 264 |
|
4 |
|c ©2018
|
| 300 |
|
|
|a xxi, 456 pages :
|b illustrations, maps ;
|c 24 cm.
|
| 336 |
|
|
|a text
|b txt
|2 rdacontent
|
| 337 |
|
|
|a unmediated
|b n
|2 rdamedia
|
| 338 |
|
|
|a volume
|b nc
|2 rdacarrier
|
| 504 |
|
|
|a Includes bibliographical references and index.
|
| 651 |
|
0 |
|a Latin America
|x History
|y To 1830.
|0 http://id.loc.gov/authorities/subjects/sh85074898
|
| 651 |
|
0 |
|a Latin America
|x History
|y 1830-
|0 http://id.loc.gov/authorities/subjects/sh85074904
|
| 700 |
1 |
|
|a Johnson, Lyman L.,
|e author.
|0 http://id.loc.gov/authorities/names/n88207283
|
| 700 |
1 |
|
|a Rankin, Monica A.,
|d 1972-
|e author.
|0 http://id.loc.gov/authorities/names/n2009035690
|
| 945 |
|
|
|b 288031
|
| 947 |
|
|
|a A14850146136
|
| 948 |
|
|
|a cataloged
|b h
|c 2017/10/27
|d c
|e dmitchel
|f 3:00:00 pm
|
| 994 |
|
|
|a 92
|b TXA
|
| 999 |
f |
f |
|s 5db0a1ca-a383-3b30-b6ff-8bf4d0ffefcd
|i baf91791-e759-384b-9890-77a6105b620b
|t 0
|
| 952 |
f |
f |
|p normal
|a Texas A&M University
|b College Station
|c Sterling C. Evans Library
|d Evans: Library Stacks
|t 0
|e F1412 .B97 2018
|h Library of Congress classification
|i unmediated -- volume
|m A14850146136
|
| 998 |
f |
f |
|a F1412 .B97 2018
|t 0
|l Evans: Library Stacks
|